| 000 | 01013nam a22003138i 4500 | ||
|---|---|---|---|
| 999 |
_c29334 _d29305 |
||
| 001 | 018730315 | ||
| 003 | EG-ScBUE | ||
| 005 | 20210808120739.0 | ||
| 008 | 171205s2018 enka f 001 0 eng d | ||
| 020 | _a9780241317655 (hbk) | ||
| 040 |
_aStDuBDS _beng _erda _cStDuBDS _dEG-ScBUE |
||
| 082 | 0 | 4 |
_a940.4 _bWOR _222 |
| 245 | 0 | 0 |
_aWorld War I : _bthe definitive visual guide / _ceditorial consultant Richard Overy. |
| 250 | _a100 years edition. | ||
| 264 | 1 |
_aLondon : _bDorling Kindersley Limited, _c2018. |
|
| 300 |
_a372 pages : _billustrations ; _c31 cm |
||
| 336 |
_atext _2rdacontent _btxt |
||
| 336 |
_astill image _2rdacontent _btxt |
||
| 337 |
_aunmediated _2rdamedia _bn |
||
| 338 |
_avolume _2rdacarrier _bnc |
||
| 500 | _aIncludes index. | ||
| 650 | 7 |
_aWorld War, 1914-1918. _2BUEsh |
|
| 650 | 7 |
_aWorld War, 1914-1918 _vPictorial works. _2BUEsh |
|
| 653 |
_bGGEN _cAugust2021 |
||
| 655 |
_vReading book _934232 |
||
| 700 | 1 |
_aOvery, Richard, _eeditor. |
|
| 942 |
_2ddc _cBB |
||